Normal view
MARC view
Entry Personal Name
001 - CONTROL NUMBER
- control field: 26585
003 - CONTROL NUMBER IDENTIFIER
- control field: dpl
005 - DATE AND TIME OF LATEST TRANSACTION
- control field: 20110315115043.0
008 - FIXED-LENGTH DATA ELEMENTS
- fixed length control field: 110315|||a|||||| | ||| d
040 ## - CATALOGING SOURCE
- Original cataloging agency: dpl
- Transcribing agency: dpl
100 ## - HEADING--PERSONAL NAME
- Personal name: हिन्दी कविता
670 ## - SOURCE DATA FOUND
- Source citation: Work cat.: (dpl): 25892 गोयल, मुकुल, राष्ट्रीय देशभक्ति गीत /, 2011
670 ## - SOURCE DATA FOUND
- Source citation: Work cat.: (dpl): 25892 गोयल, मुकुल, राष्ट्रीय देशभक्ति गीत /, 2011
